000 00684nam a22002177a 4500
999 _c9411
_d9411
003 AR-CdUCM
008 190328b ||||| |||| 00| 0 spa d
040 _aMUNICIPALIDAD PROVINCIAL DEL CUSCO
_cBIBLIOTECA MUNICIPAL DEL CUSCO
082 _a861.08 /
_bV77
100 _aVivaldi, Elena Martin
_925584
245 _aArco en desenlace /
260 _aGranada :
_bVeleta al Sur,
_c1963.
300 _a86 páginas :
_bIlustraciones,
_c21 cm.
500 _aCon dedicatoria a Luis Nieto -- Donación de la familia Nieto
650 _aPoesía
_9444
650 _aGranada
_925585
650 _aLiteratura
_9416
942 _2ddc
_cLIBROS
945 _admma